Central Library OPAC University of Rajshahi

রাজনৈতিক আন্দোলন, সংস্কৃতি ও সাংস্কৃতিক ফ্রন্ট / (Record no. 71540)

MARC details
000 -LEADER
fixed length control field 00974nam a2200241 a 4500
001 - CONTROL NUMBER
control field 71540
003 - CONTROL NUMBER IDENTIFIER
rucl marc code BD-RjUL
005 - DATE AND TIME OF LATEST TRANSACTION
control field 20211209082128.0
008 - FIXED-LENGTH DATA ELEMENTS--GENERAL INFORMATION
fixed length control field 170504s2007 ii a|||| |||| 00| 0 ben d
020 ## - INTERNATIONAL STANDARD BOOK NUMBER
International Standard Book Number 818762440X
Terms of availability : Tk. 200.00
035 ## - SYSTEM CONTROL NUMBER
System control number (BD-RjUL)71756
040 ## - CATALOGING SOURCE
Original cataloging agency BD-RjUL
Language of cataloging ben
Transcribing agency BD-RjUL
041 ## - LANGUAGE CODE
Language code of text/sound track or separate title ben
082 ## - DEWEY DECIMAL CLASSIFICATION NUMBER
Edition number 23
Classification number 891.444
Author mark and year POL 2007
245 ## - TITLE STATEMENT
Title রাজনৈতিক আন্দোলন, সংস্কৃতি ও সাংস্কৃতিক ফ্রন্ট /
Statement of responsibility, etc. রথীন চক্রবর্তী সম্পাদিত
250 ## - EDITION STATEMENT
Edition statement ২য় সং.
260 ## - PUBLICATION, DISTRIBUTION, ETC. (IMPRINT)
Place of publication, distribution, etc. কলিকাতা :
Name of publisher, distributor, etc. নাট্যচিন্তা,
Date of publication, distribution, etc. ২০০৭
300 ## - PHYSICAL DESCRIPTION
Pagination ১৭৫ পৃ. :
Illustrations চিত্র ;
Size ২৩ সেমি.
650 ## - SUBJECT ADDED ENTRY--TOPICAL TERM
Topical term or geographic name as entry element বাংলা প্রবন্ধ
9 (RLIN) 211686
Topical term or geographic name as entry element Bengali Essays
9 (RLIN) 211687
700 ## - ADDED ENTRY--PERSONAL NAME
Personal name চক্রবর্তী, রথীন সম্পাদিত
942 ## - ADDED ENTRY ELEMENTS (KOHA)
Source of classification or shelving scheme Dewey Decimal Classification
Koha item type Books
Holdings
Lost status Source of classification or shelving scheme Damaged status Not for loan Collection code Permanent Location Current Location Shelving location Date acquired Source of acquisition Cost, normal purchase price Total Checkouts Full call number Date last seen Copy number Koha item type
  Dewey Decimal Classification   Not For Loan Non-fiction Central Library, University of Rajshahi Central Library, University of Rajshahi Reading Room 17/04/2013 Dhaka, space marketing comm. 180.00   B 891.444 POL 2007 04/05/2017 C-1 Books